| 000 | 00442nam a2200157Ia 4500 | ||
|---|---|---|---|
| 008 | 220803s9999 xx 000 0 und d | ||
| 041 | _aeng | ||
| 082 | _a722 PAN/RAW | ||
| 100 |
_aPandya Y Ed. _922997 |
||
| 245 | _aAhmedabad Chronicle : Imprints Of A Millennium | ||
| 260 |
_aAhmedabad _bVastu Shilpa Foundation _c2011 |
||
| 300 | _a184p | ||
| 500 | _aArchitecture | ||
| 650 |
_aArchitectural History _922998 |
||
| 700 |
_aRawal T Ed. _922999 |
||
| 999 |
_c14803 _d14803 |
||